The relationship between the sensitivity of cells to high-energy photons and the RBE of particle radiation used in radiotherapy /
Gardado en:
| Autor Principal: | |
|---|---|
| Formato: | Artigo |
| Idioma: | English |
| Những chủ đề: | |
| Các nhãn: |
Engadir etiqueta
Sen Etiquetas, Sexa o primeiro en etiquetar este rexistro!
|
| Thư viện lưu trữ: | Thư viện Trường Đại học Đà Lạt |
|---|
| LEADER | 00878nam a2200289 4500 | ||
|---|---|---|---|
| 001 | DLU110117837 | ||
| 005 | ##20101221 | ||
| 040 | # | # | |a DLU |b eng |
| 041 | # | # | |a eng |
| 044 | # | # | |a us |
| 100 | # | # | |a Hawkins, Roland B. |
| 245 | # | # | |a The relationship between the sensitivity of cells to high-energy photons and the RBE of particle radiation used in radiotherapy / |c Roland B. Hawkins. |
| 653 | # | # | |a Photon radiation |
| 653 | # | # | |a Radiation |
| 653 | # | # | |a Radiotherapy |
| 653 | # | # | |a RBE |
| 653 | # | # | |a Sensitivity |
| 773 | # | # | |t Radiation Research |g Vol. 172, no. 6 (December 2009), p. 761-776 |
| 920 | # | # | |a Phòng Tạp chí -- Trung tâm Thông tin - Thư viện Trường Đại học Đà Lạt |
| 994 | # | # | |a DLU |
| 900 | # | # | |a True |
| 911 | # | # | |a Trương Bảo Trâm Anh |
| 925 | # | # | |a G |
| 926 | # | # | |a A |
| 927 | # | # | |a BB |
| 980 | # | # | |a Thư viện Trường Đại học Đà Lạt |